| 000 | 00580nam a2200181 4500 | ||
|---|---|---|---|
| 001 | 108221 | ||
| 003 | ES-MaACL | ||
| 005 | 20230929062532.0 | ||
| 007 | t| | ||
| 008 | 061121s1927 sp r ||||1| spa d | ||
| 100 | 1 |
_aMoll, Francesc de B. ( _d1903-1991) _982033 |
|
| 245 | 1 | 0 |
_aComentarios a la reforma de la Real Academia EspaƱola _b: conferencia de divulgacion / _cFrancesc de B. Moll. |
| 260 |
_aPalma de Mallorca : _bF. Soler, _c1927. |
||
| 300 |
_a36 p. ; _c16 cm. |
||
| 710 | 2 |
_aReal Academia EspaƱola _96336 |
|
| 852 |
_aES-MaACL _j1706-F-9 |
||
| 999 |
_c108221 _d108221 |
||